Normal view
MARC view
- Major Muhammad Abudakar Siddiqui
Entry Personal Name
001 - CONTROL NUMBER
- control field: 54753
003 - CONTROL NUMBER IDENTIFIER
- control field: NUST
005 - DATE AND TIME OF LATEST TRANSACTION
- control field: 20210421120032.0
008 - FIXED-LENGTH DATA ELEMENTS
- fixed length control field: 210421|| aca||aabn | a|a d
040 ## - CATALOGING SOURCE
- Original cataloging agency: NUST
- Transcribing agency: NUST
100 ## - HEADING--PERSONAL NAME
- Personal name: Major Muhammad Abudakar Siddiqui
670 ## - SOURCE DATA FOUND
- Source citation: Work cat.: (NUST): Major Muhammad Abudakar Siddiqui, Field Testing of Nano-Polymer Blast Protection Meterial Employing Suitable Target, 2010
